000 00855nam a22002057a 4500
999 _c13771
_d13771
003 AR-CdUCM
008 190416b ||||| |||| 00| 0 spa d
040 _aMUNICIPALIDAD PROVINCIAL DEL CUSCO
_cBIBLIOTECA MUNICIPAL DEL CUSCO
082 _a611.1 /
_bE86 / 1947
100 _aEspinosa Vargas, José Antonio
_932316
245 _aDos ensayos hematológicos /
260 _aCochabamba :
_bUniversitaria,
_c1947.
300 _a104, IV páginas ;
_c28 cm.
_bTablas y gráficos,
505 _aContenido : Informe de los catedráticos -- Historia de la evolución de la hematóloga -- Citología sanguinea -- Numeración de los glóbulos rojos y determinación de la concentración de hemoglobina en Cochabamba ...
650 _aMedicina
_93637
650 _aHumana
_919436
650 _aBolivia
_91138
942 _2ddc
_cLIBROS
945 _arah
_d16/04/2019